[Event "Turkish Bank Chess League 2012"]
[Site "Konya TUR"]
[Date "2012.07.14"]
[Round "4"]
[White "Sipahioglu,I"]
[Black "Sanal,V"]
[Result "0-1"]
[WhiteElo "2159"]
[BlackElo "2332"]

1.d4 Nf6 2.c4 e6 3.Nf3 b6 4.g3 Ba6 5.b3 Bb4+ 6.Bd2 Be7 7.Bg2 c6 8.Bc3 d5
9.Ne5 Nfd7 10.Nxd7 Nxd7 11.Nd2 O-O 12.O-O f5 13.Rc1 Ba3 14.Rc2 Qe7 15.Re1 Bd6
16.f3 f4 17.gxf4 Bxf4 18.e3 Bd6 19.e4 Bf4 20.exd5 cxd5 21.Qe2 Rf6 22.Nf1 Qd6
23.Bd2 dxc4 24.Qe4 Re8 25.bxc4 Bxd2 26.Rxd2 Rf4 27.Qd3 Rd8 28.Re4 Rxe4 29.fxe4 Ne5
30.Qh3 Nxc4 31.e5 Qd7 32.Be4 h6 33.Rf2 Rf8 34.Bh7+ Kxh7 35.Rxf8 Qxd4+ 36.Rf2 Bb7
37.Qxe6 Nxe5 38.Nd2 h5 39.Qh3 g6 40.Qg3 Nd3 41.a3 h4 42.Qc7+ Kh6 43.Qf7 Qg4+  0-1

[Event "III Maravilhosa Open 2012"]
[Site "Laranjeiras BRA"]
[Date "2012.07.14"]
[Round "3.9"]
[White "Zimmermann,Kleber Renato P."]
[Black "Zallio,L"]
[Result "0-1"]
[WhiteElo "2001"]
[BlackElo "2138"]

1.d4 Nf6 2.c4 e6 3.Nf3 b6 4.g3 Ba6 5.Qa4 Be7 6.Bg2 Bb7 7.O-O O-O 8.Nc3 Ne4
9.Nxe4 Bxe4 10.Bd2 d5 11.Bc3 c5 12.Rfd1 Qc7 13.cxd5 exd5 14.dxc5 bxc5 15.Rac1 Qb7
16.b4 d4 17.Ba1 d3 18.Rxd3 Bxd3 19.exd3 Qa6 20.Qb3 Nd7 21.Qd5 Rad8 22.bxc5 Nxc5
23.Qe5 Ne6 24.d4 Qxa2 25.Rd1 Bf6 26.Qe1 Qa4 27.Bh3 Nxd4 28.Bxd4 Bxd4 29.Nxd4 Rxd4
30.Ra1  0-1

[Event "11th Condom IM 2012"]
[Site "Condom FRA"]
[Date "2012.07.15"]
[Round "2.5"]
[White "Inkiov,V"]
[Black "Cioara,A"]
[Result "1/2-1/2"]
[WhiteElo "2460"]
[BlackElo "2484"]

1.d4 Nf6 2.c4 e6 3.Nf3 b6 4.g3 Ba6 5.Qa4 Bb7 6.Bg2 Be7 7.O-O O-O 8.Nc3 d5
9.Ne5 c6 10.Rd1 a6 11.Qc2 Nbd7 12.e4 Rc8 13.exd5 cxd5 14.Qe2 Qc7 15.Bf4 Bd6
16.cxd5 exd5 17.Rac1 Qb8 18.Nxd5 Bxd5 19.Bxd5 Rxc1 20.Bxc1 Bxe5 21.dxe5 Qxe5
22.Qxe5 Nxe5 23.Bb7 a5 24.Bf4 Re8 25.Kg2 h6 26.Ba6 g5 27.Be3 Re6 28.h3 Ne4
29.Rd8+ Kg7 30.Bd4 f6 31.Rb8 Nc5 32.Bb5 Rd6 33.Be3 Kf7 34.b3 Kg7 35.Rc8 Ne6
36.Rb8 Nc5 37.Ra8 Ne4 38.Ra7+ Kg8 39.f4 Nd3 40.Kf3 Nc3 41.Bc4+ Kf8 42.a4 Nd1
43.Bg1 N1b2 44.Bb5 f5 45.Be3 Nd1 46.Bg1 Nc3 47.Bc4 Ne1+ 48.Kf2 Nd3+ 49.Ke3 gxf4+
50.gxf4 Nb2 51.Rf7+ Ke8 52.Rxf5 Nxc4+ 53.bxc4 Nxa4 54.Ke4 Nc3+ 55.Ke5 Rc6
56.Rf6 Rxf6 57.Kxf6 Ne2 58.Bxb6 a4 59.Bc7 a3 60.Be5 a2 61.f5 Nf4 62.h4 Ng2
63.Kg7 Nxh4 64.f6 Nf5+ 65.Kg6 Nh4+ 66.Kxh6 Kf7 67.c5 Nf3 68.Bb2 Nd2 69.c6 Nc4
70.Ba1 Nd6 71.Kg5 Nb5 72.Kf4 Ke6 73.Kg5 Kf7 74.Bb2 Nc7 75.Kf5 Ne8 76.Bc3 Nc7
77.Ke5 Ne8 78.Bd4 Nxf6 79.c7 Nd7+ 80.Kd6 Nb6  1/2-1/2

[Event "35th Taminco Open"]
[Site "Ghent BEL"]
[Date "2012.07.15"]
[Round "3.31"]
[White "Willockx,R"]
[Black "Verhaeren,G"]
[Result "0-1"]
[WhiteElo "1947"]
[BlackElo "2055"]

1.d4 Nf6 2.c4 e6 3.Nf3 b6 4.g3 Ba6 5.b3 Bb4+ 6.Bd2 Be7 7.Nc3 d5 8.Bg2 c6
9.cxd5 exd5 10.O-O O-O 11.Ne5 Nfd7 12.Ng4 Bd6 13.Re1 f5 14.Ne3 Bb7 15.Bh3 g6
16.Nf1 Nf6 17.Bg5 Nbd7 18.Bg2 Be7 19.f3 Re8 20.Qd2 Nf8 21.Be3 Ne6 22.Bf2 c5
23.e3 Rc8 24.Rac1 c4 25.bxc4 Rxc4 26.Qb2 Rb4 27.Qa1 Qd7 28.Nd2 Ba6 29.a3 Rc4
30.Nxc4 Bxc4 31.Bf1 Ng5 32.Bg2 Rc8 33.Ne2 Qa4 34.Nf4 Qxa3 35.Qxa3 Bxa3 36.Ra1 Bb4
37.Rxa7 Bxe1 38.Bxe1 Re8 39.Bf2 b5 40.h4 Ne6 41.Nxe6 Rxe6 42.Rb7 Ra6 43.Kh2 Ra2
44.Bg1 Bf1  0-1

[Event "7th Nana Aleksandria Cup"]
[Site "Poti GEO"]
[Date "2012.07.15"]
[Round "2.9"]
[White "Kvaratskhelia,D"]
[Black "Kalashian,D"]
[Result "0-1"]
[WhiteElo "2072"]
[BlackElo "2408"]

1.d4 Nf6 2.Nf3 e6 3.c4 b6 4.g3 Ba6 5.b3 Bb4+ 6.Bd2 Be7 7.Bg2 c6 8.Bc3 d5
9.Nbd2 O-O 10.O-O Nbd7 11.Re1 c5 12.e4 dxe4 13.Nxe4 Nxe4 14.Rxe4 Bb7 15.Re2 Nf6
16.dxc5 Bxc5 17.Qc2 h6 18.Ng5 hxg5 19.Bxb7 Rb8 20.Bg2 Qe7 21.Qd2 Ng4 22.b4 Rfd8
23.Qb2 Bd6 24.Rae1 Nf6 25.Bd5 Re8 26.Bc6 Rec8 27.b5 Rd8 28.Bd5 Ba3 29.Qb3 Qf8
30.Bc6 Rd3 31.Rd1 Rbd8 32.Red2 Rxd2 33.Rxd2 Bc5 34.Qd1 Rxd2 35.Qxd2 Ng4 36.Qxg5 Nxf2
37.Kg2 Nd1 38.Ba1 Ne3+ 39.Kh3 e5 40.g4 Bd4 41.Bxd4 exd4 42.Bd5 Qd6 43.a4 Qh6+
44.Qxh6 gxh6 45.Kg3 d3 46.Kf2 d2 47.Bf3 d1=Q 48.Bxd1 Nxd1+  0-1

[Event "Turkish Bank Chess League 2012"]
[Site "Konya TUR"]
[Date "2012.07.16"]
[Round "7"]
[White "Savina,A"]
[Black "Ertan,C"]
[Result "1-0"]
[WhiteElo "2304"]
[BlackElo "2256"]

1.d4 Nf6 2.c4 e6 3.Nf3 b6 4.g3 Ba6 5.Qc2 c5 6.d5 exd5 7.cxd5 Bb7 8.Bg2 Bxd5
9.Nc3 Bc6 10.O-O Be7 11.e4 Na6 12.Rd1 Nc7 13.Ne5 Qc8 14.Nd5 Ncxd5 15.exd5 Bb7
16.Bg5 O-O 17.Bh3 Nxd5 18.Bxe7 Nxe7 19.Rxd7 Nc6 20.Ng4 Nd4 21.Qd1 Qc6 22.Rxb7 Qxb7
23.Bg2 Qe7 24.Qd2 Rad8 25.Re1 Qd6 26.Qg5 Rfe8 27.Rxe8+ Rxe8 28.h4 h6 29.Qh5 Ne2+
30.Kh2 Qd1 31.Bd5 Re7 32.Nxh6+ gxh6 33.Qg6+ Kf8 34.Qxh6+ Ke8 35.Bc6+ Kd8  1-0

[Event "7th Nana Aleksandria Cup"]
[Site "Poti GEO"]
[Date "2012.07.16"]
[Round "3.19"]
[White "Morchiashvili,B"]
[Black "Benidze,G"]
[Result "1-0"]
[WhiteElo "2352"]
[BlackElo "1982"]

1.d4 Nf6 2.c4 e6 3.Nf3 b6 4.g3 Ba6 5.Qc2 Bb4+ 6.Bd2 Qe7 7.Bg2 Bb7 8.O-O Bxd2
9.Nbxd2 d6 10.e4 Nbd7 11.e5 dxe5 12.dxe5 Ng4 13.h3 Nh6 14.Nb3 O-O 15.Rfe1 f5
16.c5 Be4 17.Qc3 Rfd8 18.Rac1 Nf7 19.Nfd4 Ng5 20.h4 Bxg2 21.Kxg2 Ne4 22.Qc4 Nxe5
23.Nxf5 Qf7 24.Qxe4 Nd3 25.Qxe6 Nxe1+ 26.Rxe1 Re8 27.Qxf7+ Kxf7 28.Rc1 g6
29.Ne3 Rad8 30.Kf3 a5 31.Rc4 Kg7 32.a4 Rd3 33.Rc3 Red8 34.Ke2 Rxc3 35.bxc3 Kf6
36.cxb6 cxb6 37.Nd4  1-0

[Event "23rd Czech Open Rapid"]
[Site "Pardubice CZE"]
[Date "2012.07.18"]
[Round "1.11"]
[White "Mojzis,Jar"]
[Black "Pap,G"]
[Result "0-1"]
[WhiteElo "2188"]
[BlackElo "2566"]

1.d4 Nf6 2.c4 e6 3.Nf3 b6 4.g3 Ba6 5.b3 Bb4+ 6.Bd2 Be7 7.Bg2 O-O 8.O-O d5
9.Nc3 c6 10.cxd5 cxd5 11.Bg5 Nc6 12.Bxf6 Bxf6 13.Qd2 Be7 14.a3 Qd7 15.Rfd1 Rac8
16.b4 Bc4 17.e3 a5 18.b5 Na7 19.a4 Bb4 20.Rdc1 Rc7 21.Qb2 Rfc8 22.Ne2 Bxe2
23.Rxc7 Qxc7 24.Qxe2 Qc3 25.Ra2 Qb3 26.h4 Rc1+ 27.Kh2 Nc8 28.h5 h6 29.g4 Qb1
30.g5 Bd6+ 31.Ne5 hxg5 32.Rb2 Qf5 33.Bh3 Bxe5+ 34.dxe5 Qxe5+ 35.Kg2 Nd6 36.f3 Nc4  0-1

[Event "7th Nana Aleksandria Cup"]
[Site "Poti GEO"]
[Date "2012.07.18"]
[Round "6.20"]
[White "Namir,M"]
[Black "Ghvamberia,N"]
[Result "1-0"]
[WhiteElo "2207"]
[BlackElo "1935"]

1.d4 Nf6 2.Nf3 e6 3.c4 b6 4.g3 Ba6 5.Nbd2 Bb4 6.Qc2 O-O 7.Bg2 d5 8.O-O c6
9.b3 Nbd7 10.e4 Rc8 11.e5 Ne8 12.Bb2 c5 13.Rfc1 cxd4 14.Bxd4 dxc4 15.bxc4 Qe7
16.Qa4 Nc7 17.a3 Bc5 18.Bc3 Rfd8 19.Rd1 b5 20.cxb5 Bxb5 21.Qg4 Nd5 22.Ba5 N7b6
23.Ne4 Kh8 24.Bd2 Qf8 25.Nfg5 h6 26.Nxc5 Rxc5 27.Ne4 Ba4 28.Rdc1 Rc4 29.Rxc4 Nxc4
30.Nd6 Nxe5 31.Nxf7+ Qxf7 32.Qxa4 Ng6 33.Qd4 Rd7 34.Be3 Ndf4 35.Qc4 Nxg2
36.Kxg2 Rc7 37.Qe4 Qf5 38.Qxf5 exf5 39.Rc1 Rxc1 40.Bxc1 Kg8 41.Kf3 Kf7 42.Bb2  1-0

[Event "7th Nana Aleksandria Cup"]
[Site "Poti GEO"]
[Date "2012.07.19"]
[Round "8.18"]
[White "Bechvaia,Giorgi"]
[Black "Matevosian,S"]
[Result "0-1"]
[WhiteElo "1704"]
[BlackElo "2189"]

1.d4 Nf6 2.c4 e6 3.Nf3 b6 4.g3 Ba6 5.b3 Bb4+ 6.Bd2 Be7 7.Bc3 O-O 8.Bg2 c6
9.Nbd2 d5 10.O-O Nbd7 11.Re1 c5 12.e4 dxc4 13.Nxc4 cxd4 14.Bxd4 Bb4 15.Re3 Rc8
16.Bxf6 Nxf6 17.Rd3 Qc7 18.e5 Bxc4 19.bxc4 Ng4 20.Rd7 Qc5 21.Qe2 Qxc4 22.Qxc4 Rxc4
23.Rxa7 Bc5 24.Nd2 Bxf2+ 25.Kf1 Rc2 26.Ke2 Rd8 27.Rd1 Ne3 28.Be4 Rb2 29.Rc1 Rbxd2+
30.Kf3 Nf5 31.Bxf5 exf5 32.Rcc7 Bc5 33.g4  0-1

[Event "XXI TCh-MKD 2012"]
[Site "Struga MKD"]
[Date "2012.07.20"]
[Round "5.2"]
[White "Stamenkov,V"]
[Black "Glavinac,G"]
[Result "1/2-1/2"]
[WhiteElo "2319"]
[BlackElo "2173"]

1.d4 Nf6 2.Nf3 e6 3.c4 b6 4.g3 Ba6 5.b3 Bb4+ 6.Bd2 Be7 7.Bg2 c6 8.O-O O-O
9.Bc3 d5 10.Nbd2 Nbd7 11.Bb2 Rc8 12.Re1 c5 13.Rc1 cxd4 14.Nxd4 Nc5 15.cxd5 Nxd5
16.Nc4 Bb7 17.Qd2 Nf6 18.Bxb7 Nxb7 19.Red1 Qd5 20.Qf4 Rfd8 21.Ne3 Qh5 22.Rxc8 Rxc8
23.Nf3 Nc5 24.h4 Qg6 25.Rc1 Nh5 26.Qg4 Rd8 27.Qxg6 hxg6 28.Be5 Nf6 29.b4 Na6
30.a3 Kf8 31.Nd4 Nd7 32.Nc6 Nxe5 33.Nxe5 Bf6 34.N3g4 Ke8 35.Kg2 Be7 36.Rc2 Bd6
37.f4 Nb8 38.Nd3 f6 39.Kf3 Kd7 40.e4 Nc6 41.Ke3 Ne7 42.Nh2 a5 43.Nf3 axb4
44.axb4 Ra8 45.e5 Nd5+ 46.Ke2 Bxb4 47.Nd4 Bc3 48.Nb5 Rc8 49.exf6 gxf6 50.g4 f5
51.h5 fxg4 52.hxg6 Bg7 53.Rxc8 Kxc8 54.f5 Kd7 55.fxe6+ Kxe6 56.Kf2 Kf5 57.Kg3 Nf6
58.Nf2 Nh5+ 59.Kh4 g3 60.Nh3 Kxg6 61.Kg4 Be5 62.Kf3 Kf5 63.Ng1 Ng7 64.Ne2 Nh5
65.Na3 Ke6 66.Nc4 b5 67.Na3 b4 68.Nc2 b3 69.Ncd4+ Bxd4 70.Nxd4+  1/2-1/2

[Event "11th Condom IM 2012"]
[Site "Condom FRA"]
[Date "2012.07.21"]
[Round "9.4"]
[White "Ider,B"]
[Black "Cioara,A"]
[Result "1/2-1/2"]
[WhiteElo "2371"]
[BlackElo "2484"]

1.d4 Nf6 2.Nf3 e6 3.c4 b6 4.g3 Ba6 5.Qa4 Bb7 6.Bg2 c5 7.dxc5 Bxc5 8.O-O O-O
9.Nc3 Be7 10.Rd1 Na6 11.Bf4 Nc5 12.Qc2 Qc8 13.Bd6 Bxd6 14.Rxd6 Nce4 15.Rd4 d5
16.Rc1 Nxc3 17.Qxc3 Qc7 18.cxd5 Qxc3 19.Rxc3 Nxd5 20.Rc1 Rac8 21.Rdc4 Rxc4
22.Rxc4 Rc8 23.Rxc8+ Bxc8 24.Nd4 Ne7 25.Nb5 Ba6 26.Nxa7 Bxe2 27.b4 Kf8 28.Bc6 Nxc6
29.Nxc6 Bb5 30.Nd4 Bd7 31.f4 Ke7 32.Kf2 Kd6 33.Ke3 Kd5 34.Nf3 f6 35.Nd2 e5
36.fxe5 fxe5 37.a3 Ba4 38.Kd3 Bb5+ 39.Ke3 Ba4 40.h4 h6 41.Kd3 Bb5+ 42.Ke3 Ba4
43.Kd3  1/2-1/2

[Event "23rd Czech Open A"]
[Site "Pardubice CZE"]
[Date "2012.07.21"]
[Round "2.65"]
[White "MacQueen,C"]
[Black "D'Costa,L"]
[Result "0-1"]
[WhiteElo "2233"]
[BlackElo "2434"]

1.d4 Nf6 2.c4 e6 3.Nf3 b6 4.g3 Ba6 5.b3 d5 6.Bg2 Bb4+ 7.Bd2 Bd6 8.Qc2 Nbd7
9.O-O O-O 10.Bg5 h6 11.Bxf6 Nxf6 12.cxd5 exd5 13.Nc3 Re8 14.Rfd1 c6 15.a3 Qe7
16.b4 Bb7 17.Qb3 Rad8 18.e3 g6 19.Rab1 Kg7 20.a4 Qe6 21.Ne1 Qf5 22.b5 Ne4
23.Nd3 g5 24.Rbc1 Rc8 25.Qb2 Kg8 26.Nb4 cxb5 27.Nxe4 dxe4 28.d5 Rxc1 29.Rxc1 bxa4
30.Qa3 b5  0-1

[Event "Caissa GM July 2012"]
[Site "Kecskemet HUN"]
[Date "2012.07.22"]
[Round "2.4"]
[White "Ilincic,Z"]
[Black "Aczel,G"]
[Result "1/2-1/2"]
[WhiteElo "2441"]
[BlackElo "2433"]

1.d4 Nf6 2.c4 e6 3.Nf3 b6 4.g3 Ba6 5.b3 b5 6.cxb5 Bxb5 7.Bg2 d5 8.O-O Nbd7
9.Nc3 Ba6 10.a3 Bd6 11.Re1 O-O 12.Bf4 Bxf4 13.gxf4 c5 14.Ne5 Rc8 15.Na4 Qe7
16.e3 Rc7 17.Qd2 cxd4 18.Qa5 Qd6 19.exd4 Rb8 20.Re3 g6 21.Rae1 Nf8 22.Nc5 Bc8
23.Bf3 Qb6 24.Qd2 a5 25.Rc3 Bd7 26.Rec1 Rbc8 27.h4 Bc6 28.h5 Ba8 29.hxg6 hxg6
30.Qe3 Ne4 31.Bxe4 dxe4 32.Nc4 Qa7 33.Nd6 Rb8 34.Ncxe4 Rxc3 35.Qxc3 Bxe4
36.Nxe4 Nd7 37.Qe3 Qb7 38.Rc3 Qd5 39.Nc5 Nf6 40.Qe5 Qxe5 41.fxe5 Nd5 42.Rf3 Ne7
43.Rd3 Nc6 44.Kg2 Rd8 45.Kf3 Rd5 46.Ke4 Nxe5 47.dxe5 Rxc5 48.f4 g5 49.Rg3 Kf8
50.fxg5 Rb5 51.Re3 Ke7 52.Kd4 Kd7 53.Ke4 Ke7 54.Kf4 Kf8 55.b4 axb4 56.Rb3 Kg7
57.axb4 Kg6 58.Rb1 Kh5 59.Ke4 Kxg5 60.Kd4 f5 61.exf6 Kxf6 62.Kc4 Rb8 63.b5 Kf5
64.Rf1+ Ke4 65.Re1+ Kf5 66.Rf1+ Ke4  1/2-1/2

[Event "Turkish Bank Chess League 2012"]
[Site "Konya TUR"]
[Date "2012.07.22"]
[Round "13"]
[White "Kucumenler,T"]
[Black "Deruni,B"]
[Result "1/2-1/2"]
[WhiteElo "2073"]
[BlackElo "2123"]

1.d4 Nf6 2.c4 e6 3.Nf3 b6 4.g3 Ba6 5.Nbd2 Bb4 6.Qa4 c5 7.dxc5 Bxc5 8.Bg2 Bb7
9.O-O O-O 10.Qc2 d5 11.cxd5 Nxd5 12.Ne4 Be7 13.Neg5 g6 14.Qe4 Nd7 15.Qh4 h5
16.e4 N5f6 17.Qf4  1/2-1/2

[Event "Turkish Bank Chess League 2012"]
[Site "Konya TUR"]
[Date "2012.07.22"]
[Round "13"]
[White "Can,E"]
[Black "Ertan,C"]
[Result "0-1"]
[WhiteElo "2469"]
[BlackElo "2256"]

1.d4 Nf6 2.c4 e6 3.Nf3 b6 4.g3 Ba6 5.Qb3 Nc6 6.Nbd2 Na5 7.Qc3 c5 8.dxc5 bxc5
9.e4 Bb7 10.e5 Ne4 11.Nxe4 Bxe4 12.Bg2 Be7 13.O-O O-O 14.Re1 f5 15.Be3 Nc6
16.Re2 Qc7 17.Rd1 Rad8 18.Bf4 Qb7 19.h4 h6 20.h5 Bg5 21.Rxe4 fxe4 22.Nxg5 hxg5
23.Bxg5 Nd4 24.Rxd4 cxd4 25.Qxd4 Rb8 26.b3 Qb6 27.c5 Qa5 28.Bd2 Qxa2 29.Bxe4 Qxb3
30.h6 Qd1+ 31.Kg2 Rf7 32.Bg6 Qf3+ 33.Kg1 Kh8 34.Be3 gxh6 35.Qh4 Rg7 36.Qxh6+ Kg8
37.Kh2 Rb2 38.Kg1 Ra2 39.Bd3 Ra1+ 40.Bf1 Rxg3+  0-1

[Event "23rd Czech Open A"]
[Site "Pardubice CZE"]
[Date "2012.07.22"]
[Round "3.13"]
[White "Fodor,T jr"]
[Black "Narayanan,Sri"]
[Result "0-1"]
[WhiteElo "2503"]
[BlackElo "2399"]

1.d4 Nf6 2.c4 e6 3.Nf3 b6 4.g3 Ba6 5.Nbd2 Bb4 6.a3 Bxd2+ 7.Nxd2 Bb7 8.Nf3 d5
9.c5 bxc5 10.dxc5 d4 11.Bg2 Be4 12.O-O Nc6 13.b4 Qd5 14.Bb2 Rb8 15.Qa4 O-O
16.Rfd1 e5 17.Rd2 a5 18.b5 Na7 19.Qxa5 Nxb5 20.Rc1 Nd7 21.a4 Nxc5 22.axb5 Nb3
23.Qa2 Ra8 24.Ba3 Rfb8 25.Rxc7 Nxd2 26.Qxd5 Bxd5 27.Nxd2 Bxg2 28.Kxg2 Rxa3
29.Nc4 Rc3 30.b6 h6 31.Nxe5 Rxb6 32.Rd7 Rc8 33.Nf3 Rb2 34.Nxd4 Rd2 35.e3 Re8
36.Kg1 Ra8 37.Rd5 Raa2 38.Rf5 g6 39.Rf4 g5 40.Rf5 g4 41.Kg2 h5 42.h3 gxh3+
43.Kxh3 Rxf2 44.Rxh5 Kg7 45.Re5 Kg6 46.Kh4 f6 47.Re8 Ra1 48.Re6 Ra8 49.Kh3 Ra1
50.Kg4 Ra5 51.Nf3 Ra4+ 52.Nd4 Rf1 53.Rc6 Rf2 54.Re6 Ra8 55.Nf3 Kf7 56.Rd6 f5+
57.Kf4 Rf1 58.Rd5 Ra4+ 59.Rd4 Ra2 60.Rd5 Kg6 61.Rd6+ Kh5 62.Rd5 Ra4+ 63.Rd4 Ra5
64.Rd6 Ra8 65.Rd5 Kg6 66.Rd6+ Kg7 67.Rd7+ Kh8 68.Rd5 Ra4+ 69.Rd4 Ra2 70.Rd8+ Kg7
71.Rd7+ Kg6 72.Rd6+ Kh5 73.Rd5 Ra4+ 74.Rd4 Ra8 75.Rd5 Kg6 76.Rd6+ Kh7 77.Rd7+ Kh8
78.Rd5 Rf8 79.Rd7 Rg8 80.Ra7 Rg4+ 81.Kxf5 Rxg3  0-1

[Event "ch-AUT 2012"]
[Site "Zwettl AUT"]
[Date "2012.07.29"]
[Round "9.11"]
[White "Schneider Zinner,H"]
[Black "Wertjanz,Dav"]
[Result "1/2-1/2"]
[WhiteElo "2377"]
[BlackElo "2264"]

1.d4 Nf6 2.Nf3 e6 3.c4 b6 4.g3 Ba6 5.Qa4 Bb7 6.Bg2 c5 7.dxc5 bxc5 8.O-O Be7
9.Nc3 O-O 10.Rd1 Qb6 11.Bf4 Rd8 12.Rd2 d6 13.Rad1 h6 14.Qb5 Ne8 15.h4 Bc6
16.Qxb6 axb6 17.e4 Ra7 18.Ne5 Rc8 19.Nxc6 Nxc6 20.b3 g5 21.hxg5 hxg5 22.Be3 g4
23.Nb5 Rd7 24.Kf1 Na7 25.Nc3 Bf6 26.Na4 Rb8 27.b4 Rc7 28.b5 Nc8 29.Nb2 Be5
30.Nd3 Bc3 31.Rc2 Bg7 32.Bf4 e5 33.Bc1 Ra7 34.a3 Ne7 35.f4 gxf3 36.Bxf3 Ng6
37.Bg4 Nf8 38.Nf2 Ne6 39.Bxe6 fxe6 40.Ng4 Kf7 41.Ke2  1/2-1/2

[Event "PAB Romania Open 2012"]
[Site "Arad ROU"]
[Date "2012.07.30"]
[Round "5.13"]
[White "Petrisor,A"]
[Black "Martian,D"]
[Result "1-0"]
[WhiteElo "2397"]
[BlackElo "2133"]

1.d4 Nf6 2.c4 e6 3.Nf3 b6 4.g3 Ba6 5.Qa4 Bb7 6.Bg2 Be7 7.O-O O-O 8.Nc3 c5
9.dxc5 bxc5 10.Rd1 Qb6 11.Bf4 d5 12.cxd5 exd5 13.Ne5 Rd8 14.Nxd5 Nxd5 15.Bxd5 Bxd5
16.Rxd5 Na6 17.Nc6 Re8 18.Nxe7+ Rxe7 19.Rd6 Qxb2 20.Rad1 g5 21.Bxg5 Rxe2
22.Qg4 h5 23.Qxh5 Rae8 24.Bf6 Re1+ 25.Rxe1 Rxe1+ 26.Kg2 Qb7+ 27.Rd5  1-0

[Event "Tabor Open 2012"]
[Site "Tabor CZE"]
[Date "2012.07.30"]
[Round "2.8"]
[White "Hasek,V"]
[Black "Plischki,S"]
[Result "0-1"]
[WhiteElo "2079"]
[BlackElo "2365"]

1.Nf3 Nf6 2.d4 e6 3.c4 b6 4.g3 Ba6 5.b3 b5 6.cxb5 Bxb5 7.Bg2 d5 8.O-O Nbd7
9.Nc3 Ba6 10.Bb2 Be7 11.Re1 O-O 12.e4 dxe4 13.Nxe4 Nxe4 14.Rxe4 Bb7 15.Re2 Bd6
16.Ne5 Bxg2 17.Kxg2 Bxe5 18.dxe5 Nb6 19.Qc2 Qc8 20.Rc1 Qb7+ 21.Kg1 Nd5 22.Qc6 Qxc6
23.Rxc6 a5 24.Bd4 Rfb8 25.f4 a4 26.bxa4 Rxa4 27.Bf2 Kf8 28.Rcc2 Ke7 29.Bc5+ Kd7
30.Red2 g6 31.Kf2 h5 32.h4 Rb1 33.a3 Kc8 34.Bd6 Ra7 35.Bc5 Rab7 36.Rd3 R7b3
37.Rxb3 Rxb3 38.Kg2 Kb7 39.Kh2 Ka6 40.Bb4 Kb6 41.Bc5+ Kb5 42.Bb4 c6 43.Rc5+ Kb6
44.Rc4 Nxb4 45.axb4 Rd3 46.Kg2 Rd5 47.Kf2 Kb5 48.Rc2 Rd4 49.Ra2 Kxb4 50.Ra7 c5
51.Rxf7 c4 52.Ke2 c3 53.Rb7+ Kc4 54.Rb6 c2 55.Rxe6 Rd1 56.Rc6+ Kb3 57.Ke3 c1=Q+
58.Rxc1 Rxc1 59.Ke4 Kc4 60.f5 Re1+ 61.Kf4 Rf1+ 62.Kg5 Rxf5+  0-1

[Event "Tabor Open 2012"]
[Site "Tabor CZE"]
[Date "2012.08.04"]
[Round "8.25"]
[White "Hasek,V"]
[Black "Barrish,Daniel"]
[Result "0-1"]
[WhiteElo "2079"]
[BlackElo "1766"]

1.Nf3 Nf6 2.d4 e6 3.c4 b6 4.g3 Ba6 5.b3 Bb7 6.Bg2 Bb4+ 7.Bd2 Be7 8.O-O c6
9.Nc3 d5 10.cxd5 exd5 11.Rc1 O-O 12.Ne5 Nfd7 13.Nxd7 Nxd7 14.e4 dxe4 15.Nxe4 Nf6
16.Nxf6+ Bxf6 17.Bxc6 Bxc6 18.Rxc6 Qxd4 19.Qc2 Qd7 20.Rc7 Qh3 21.Bf4 Rfd8
22.Qc4 Qh5 23.Rc1 Bd4 24.Qc6 g5 25.Rd7 Bxf2+ 26.Kxf2 Qxh2+ 27.Kf1 Qh3+  0-1

[Event "Politiken Cup 2012"]
[Site "Helsingor DEN"]
[Date "2012.08.05"]
[Round "10.83"]
[White "Skou,N"]
[Black "Henrichsen,J"]
[Result "1/2-1/2"]
[WhiteElo "2150"]
[BlackElo "1887"]

1.d4 Nf6 2.c4 e6 3.Nf3 b6 4.g3 Ba6 5.Qa4 c5 6.Bg2 Bb7 7.e3 Be7 8.O-O O-O
9.Nc3 Qc8 10.dxc5 bxc5 11.Rd1 d6 12.Qc2 Bc6 13.b3 Nbd7 14.Bb2 Qb7 15.Ne1 Bxg2
16.Nxg2 Ne5 17.Ne1 Nf3+ 18.Nxf3 Qxf3 19.Rd3 Rfd8 20.Rad1 Rd7 21.Na4 Ne4 22.Ba3 Rc7
23.Nc3 Nxc3 24.Qxc3 Qc6 25.Qd2 a5 26.Bb2 f6 27.Qe2 Qe4 28.h4 a4 29.f3 Qg6
30.Kh2  1/2-1/2

[Event "11th Braunau Open A"]
[Site "Ranshofen AUT"]
[Date "2012.08.06"]
[Round "4.4"]
[White "Farago,I"]
[Black "Neelotpal,D"]
[Result "0-1"]
[WhiteElo "2491"]
[BlackElo "2469"]

1.d4 Nf6 2.Nf3 e6 3.c4 b6 4.g3 Ba6 5.Qa4 Bb7 6.Bg2 g6 7.Nc3 Bg7 8.O-O O-O
9.Qc2 d5 10.cxd5 exd5 11.Bf4 Na6 12.Rfd1 c5 13.dxc5 bxc5 14.Qb3 Qe7 15.Ne1 Rfd8
16.Nxd5 Bxd5 17.Bxd5 Nxd5 18.Rxd5 Qxe2 19.Rad1 Bd4 20.Rxd8+ Rxd8 21.Be3 Rb8
22.Qd3 Qxd3 23.Nxd3 Bxe3 24.fxe3 c4 25.Ne5 Rxb2 26.Nxc4 Rxa2 27.Ne5 Nc5 28.Rd5 Rc2
29.Rd8+ Kg7 30.Ra8 Ra2 31.Re8 Ne6 32.Rb8 Kf6 33.Ng4+ Kg5 34.Ne5 Kf6 35.Ng4+ Kg7
36.Rb7 Ng5 37.Ne5 Kf6 38.Ng4+ Ke6 39.Rb4 Nf3+ 40.Kf1 f5  0-1

[Event "Atalik vs Atalik Classical"]
[Site "Halkidiki GRE"]
[Date "2012.08.07"]
[Round "1"]
[White "Atalik,S"]
[Black "Atalik,E"]
[Result "1-0"]
[WhiteElo "2606"]
[BlackElo "2453"]

1.d4 Nf6 2.c4 e6 3.Nf3 b6 4.g3 Ba6 5.b3 d5 6.Bg2 Bb7 7.O-O Bd6 8.Nc3 O-O
9.Bb2 Na6 10.Rc1 Re8 11.e3 c6 12.Qe2 Qe7 13.Rfd1 Rac8 14.h4 c5 15.dxc5 Nxc5
16.cxd5 Nxd5 17.Nb5 Bb8 18.e4 Nf6 19.e5 Nd5 20.Ng5 h6 21.Ne4 Nxe4 22.Rxc8 Rxc8
23.Bxe4 a6 24.Nd4 b5 25.Bb1 Nc3 26.Bxc3 Rxc3 27.Qd2 Rc8 28.Qd3 g6 29.h5 Bxe5
30.hxg6 f6 31.Nf3 Bb8 32.Qe3 Kg7 33.Nh4 Be5 34.Be4 Bxe4 35.Qxe4 Rd8 36.Rxd8 Qxd8
37.Qb7+ Qc7 38.Qxa6 Bxg3 39.fxg3 Qxg3+ 40.Ng2 Qe5 41.Qa7+ Kxg6 42.Qe3 Qa1+
43.Kh2 Qxa2 44.Qxe6 Qd2 45.Qe8+ Kg5 46.Qxb5+ f5 47.Qe5 h5 48.Qg7+  1-0

[Event "Atalik vs Atalik Rapid"]
[Site "Halkidiki GRE"]
[Date "2012.08.08"]
[Round "1"]
[White "Atalik,S"]
[Black "Atalik,E"]
[Result "1/2-1/2"]
[WhiteElo "2606"]
[BlackElo "2453"]

1.d4 Nf6 2.c4 e6 3.Nf3 b6 4.g3 Ba6 5.Qa4 Bb7 6.Bg2 c5 7.dxc5 Bxc5 8.O-O O-O
9.Nc3 Qc8 10.Bf4 Nh5 11.Bd2 f5 12.b4 Be7 13.Qb3 Nc6 14.a3 Bf6 15.Rac1 Ne5
16.Nb5 Nf7 17.Be3 g5 18.c5 Bd5 19.Qd1 g4 20.cxb6 Qb7 21.Nc7 gxf3 22.exf3 f4
23.Nxa8 Qxa8 24.Bd4 Bxd4 25.Qxd4 axb6 26.g4 Ng7 27.Qxf4 h6 28.Qg3 Ng5 29.f4 Bxg2
30.fxg5 Bxf1 31.gxh6 Be2 32.Qe5 Ne8 33.Qxe2 Qxa3 34.Rd1 Qxb4 35.Rxd7 Qb1+
36.Kg2 Qg6 37.h7+ Kh8 38.h3 Ng7 39.Rb7 Kxh7 40.Rxb6 Rf4 41.Rb7 Qe4+ 42.Qxe4+ Rxe4
43.Kg3 Kg6 44.h4 Ne8 45.h5+ Kh6 46.f4 Nd6 47.Re7 Nc4 48.Kh4 Rxf4 49.Rxe6+ Kh7
50.Re7+ Kh6 51.Re6+ Kh7 52.h6 Nd2 53.Kh5 Nf3 54.Re7+ Kg8 55.Re8+ Kh7 56.Re7+ Kg8
57.g5 Nxg5 58.Rg7+ Kh8 59.Kxg5 Rf1 60.Kh5  1/2-1/2

[Event "FSFMA1 August 2012"]
[Site "Budapest HUN"]
[Date "2012.08.10"]
[Round "7.4"]
[White "Krstulovic,Alex"]
[Black "Lindiawati,E"]
[Result "0-1"]
[WhiteElo "1836"]
[BlackElo "2075"]

1.d4 Nf6 2.c4 e6 3.Nf3 b6 4.g3 Ba6 5.b3 Bb7 6.Bg2 Bb4+ 7.Bd2 Bxd2+ 8.Nbxd2 d6
9.O-O Nbd7 10.Qc2 O-O 11.e4 Nh5 12.h4 e5 13.d5 a5 14.a3 Qe7 15.Bh3 Bc8 16.b4 Ndf6
17.Bg2 Ng4 18.Nb3 a4 19.Nbd2 f5 20.exf5 Bxf5 21.Qc3 e4 22.Nd4 e3 23.Nxf5 Rxf5
24.Ne4 Nf4 25.Qc2 Nxg2 26.Kxg2 exf2 27.Qd3 Re8 28.Nxf2 Rxf2+ 29.Rxf2 Nxf2  0-1

[Event "Open ch-MKD 2012"]
[Site "Struga MKD"]
[Date "2012.08.10"]
[Round "7.6"]
[White "Bogdanovski,V"]
[Black "Hadzi Manev,L"]
[Result "1-0"]
[WhiteElo "2448"]
[BlackElo "2100"]

1.d4 Nf6 2.c4 e6 3.Nf3 b6 4.g3 Ba6 5.Qb3 d5 6.cxd5 Nxd5 7.e4 Bxf1 8.Kxf1 Nf6
9.Nc3 c5 10.d5 exd5 11.e5 Ng8 12.Nxd5 Qd7 13.Ng5 Na6 14.Bf4 O-O-O 15.Rd1 Kb7
16.Qf3 Qc6 17.Nxf7 Rd7 18.e6 Rxf7 19.exf7 Nf6 20.Kg2  1-0

[Event "Prva liga RS seniori 2012"]
[Site "Banja Vrucica SRB"]
[Date "2012.08.11"]
[Round "1"]
[White "Bozic,Mila"]
[Black "Radovanovic,D"]
[Result "1/2-1/2"]
[WhiteElo "2443"]
[BlackElo "2368"]

1.d4 Nf6 2.c4 e6 3.Nf3 b6 4.g3 Ba6 5.Qa4 Bb7 6.Bg2 c5 7.O-O cxd4 8.Nxd4 Bxg2
9.Kxg2 Qc8 10.Bf4 Be7 11.Nb5 Qc6+ 12.f3 O-O 13.N1c3 Rc8 14.Rac1 a6 15.Nd4 Qb7
16.Rfd1 Nc6 17.e4 d6 18.Nxc6 Rxc6 19.Ne2 h6 20.h3 Rac8 21.Rc3 b5 22.cxb5 axb5
23.Qb3 d5 24.Rxc6 Rxc6 25.Nd4 Rc5 26.e5 Nd7 27.Rc1 b4 28.Qa4 Rxc1 29.Bxc1 Nxe5
30.Qe8+ Bf8 31.Bf4 Nd7 32.Bd6 Qb6 33.Bxf8 Nxf8 34.Nc6 g6 35.Ne5 Qc7 36.f4 Kg7
37.Qc6 Qa7 38.Qd6 Qb7 39.Qc5 g5 40.Qd4 f6 41.Nd3 Ng6 42.Nc5 Qc6 43.fxg5 hxg5
44.Qxb4 Kh6 45.a4 d4+ 46.Kg1 Qd5 47.a5 Ne5 48.a6 Qf3 49.Qxd4 Qxg3+ 50.Kf1 Qxh3+
51.Ke2 Qg2+ 52.Kd1 Qf3+ 53.Kc2 Nc6 54.Qd6 Nb4+ 55.Kd2 Qf2+ 56.Kc3 Nd5+ 57.Kb3 Qe3+
58.Ka4 Qd4+ 59.Kb3 Qe3+ 60.Ka4 Qd4+ 61.Ka3 Qb4+ 62.Ka2 Qa5+ 63.Kb3 Qb5+ 64.Ka3 Qb4+
65.Ka2 Qa5+ 66.Kb3 Qb5+ 67.Ka3 Qb4+ 68.Ka2 Qa5+ 69.Kb3 Qb5+ 70.Ka3 Qb4+ 71.Ka2  1/2-1/2

[Event "2nd Split Open 2012"]
[Site "Split CRO"]
[Date "2012.08.11"]
[Round "1.2"]
[White "Brcar,Al"]
[Black "Kurajica,B"]
[Result "0-1"]
[WhiteElo "1999"]
[BlackElo "2551"]

1.d4 Nf6 2.c4 e6 3.Nf3 b6 4.g3 Ba6 5.Nbd2 Bb7 6.Bg2 c5 7.O-O d6 8.e4 cxd4
9.Nxd4 Nbd7 10.Qe2 a6 11.Rd1 Qc7 12.b3 Be7 13.Bb2 O-O 14.Rac1 Rfe8 15.Nb1 Bf8
16.Nc3 g6 17.Ba3 Nc5 18.b4 Ncd7 19.Na4 Rac8 20.Nb3 Bh6 21.Rc3 Qb8 22.c5 dxc5
23.bxc5 Bf8 24.Rdc1 Qa8 25.Nd2 b5 26.Nb2 Bh6 27.Nd1 a5 28.Qxb5 Bxd2 29.c6 Bxc6
30.Rxc6 Bxc1 31.Ra6 Qb8  0-1